| 000 | 00594nam a2200181 4500 | ||
|---|---|---|---|
| 001 | 127708 | ||
| 003 | ES-MaACL | ||
| 005 | 20230906193052.0 | ||
| 007 | t| | ||
| 008 | 070214s1922 sp r ||||1| spa d | ||
| 100 | 1 |
_aRiquelme Sánchez, Manuel. _997449 |
|
| 245 | 1 | 0 |
_aEstudio del estado coloidal de los colorantes substantivos / _cManuel Riquelme Sánchez. |
| 260 |
_aBarcelona : _bInstitut de Química aplicada, _c1922. |
||
| 300 | _a30 p. | ||
| 500 | _aLección inaugural del curso 1922-23. | ||
| 710 | 2 |
_aInstituto de Química Aplicada (Barcelona) _94995 |
|
| 852 |
_aES-MaACL _j1664-F-9 |
||
| 999 |
_c127708 _d127708 |
||